000
00253nam a2200109Ia 4500
008
200302s9999 xx 000 0 und d
100
_a
P. V. Jagadisa Aiyar
245
_a
South Indian Shrines
260
_b
Rupa & Co.,
260
_c
2000
300
_a
783 P.,
999
_c
1085
_d
1085